Associez le vainqueur de l'Eurovision au bon pays - Clic Quiz - Statistiques

Statistiques générales
  • Ce quiz a été pris 87 fois
  • Le résultat moyen est 15 sur 20
Statistiques - réponses
Hint Réponse % Correct
Marie Myriam - L'Oiseau et l'Enfant France
93%
ABBA - Waterloo Suède
92%
Måneskin - Zitti e buoni Italie
88%
France Gall - Poupée de cire, poupée de son Luxembourg
88%
Salvador Sobral - Amar pelos dois Portugal
87%
Marija Šerifović - Molitva Serbie
83%
Élena Paparízou - My Number One Grèce
81%
Conchita Wurst - Rise Like a Phoenix Autriche
80%
Céline Dion - Ne partez pas sans moi Suisse
79%
Sandra Kim - J'aime la vie Belgique
76%
Lordi - Hard Rock Hallelujah Finlande
71%
Duncan Laurence - Arcade Pays-Bas
71%
Alexander Rybak - Fairytale Norvège
67%
Lena - Satellite Allemagne
64%
Katrina and the Waves - Love Shine a Light Royaume-Uni
63%
Dana International - Diva Israël
61%
Jamala - 1944 Ukraine
57%
Johnny Logan - Hold Me Now Irlande
56%
Sertab Erener - Everyway That I Can Turquie
52%
Emmelie De Forest - Only Teardrops Danemark
44%
Aucun quiz correspondant
Distribution des résultats
% des personnes avec chaque résultat
Percentile par nombre de réponses
Votre historique - résultats
Vous n’avez pas pris ce quiz